| 000 | 01577nam0a2200325 4500 | ||
|---|---|---|---|
| 001 | RU\NLR\bibl\140656 | ||
| 005 | 20260407123933.0 | ||
| 010 |
_a5-7890-0005-3 _9150 |
||
| 035 | _a(NLR Aleph) 000137791 | ||
| 090 |
_a788042 _c788042 |
||
| 100 | _a20010316d1996 |||y0rusy50 ca | ||
| 101 | 0 | _arus | |
| 102 | _aRU | ||
| 105 | _aa ||||||||| | ||
| 200 | 1 |
_aВопросы вибрационной технологии _eМежвуз. сб. науч. ст. _fМ-во общ. и проф. образования Рос. Федерации, Дон. гос. техн. ун-т _g[Редкол.: проф. А.П. Бабичев-отв. ред. и др.] |
|
| 210 |
_aРостов н/Д. _cИзд. центр ДГТУ _d1996 |
||
| 215 |
_a121 с. _cил. _d20 |
||
| 320 | _aБиблиогр. в конце ст. | ||
| 606 | 0 |
_aВибрационная обработка материалов _jСборники _91246807 _3RU\NLR\auth\66192822 |
|
| 606 | 0 |
_aМатериалы _jСборники _xВибрационная обработка _92164014 _3RU\NLR\auth\661302166 |
|
| 686 | _aЖ678я43 | ||
| 702 | 1 |
_4340 _8rus _7ca _aБабичев _bА. П. _f1928- _gАнатолий Прокофьевич _3RU\NLR\auth\7760172 _943103 |
|
| 712 | 0 | 2 |
_4570 _aДонской государственный технический университет _cРостов-на-Дону _3RU\NLR\AUTH\889964470 _9425177 |
| 801 | 0 |
_aRU _bNLR _c20010316 _gPSBO |
|
| 801 | 1 |
_aRU _bNLR _c20010316 |
|
| 852 |
_aNLR _j2001-3/1025 |
||
| 942 | _cBOOK | ||
| 980 | _aNB | ||